Les grands noms du cyclisme sur route mondiale - Statistiques

Statistiques générales
  • Ce quiz a été pris 144 fois
  • Le résultat moyen est 14 sur 16
Statistiques - réponses
Par images Réponse % Correct
Vingegaard
98%
Froom
97%
Pogacar
97%
Roglic
97%
Bernal
96%
Alaphilippe
94%
Bardet
94%
Phillipsen
88%
Martinez
87%
Evenepoel
86%
Pedersen
82%
Pidcock
82%
Yates
80%
Van der poel
73%
Wout van aert
68%
Vlasov
67%
Aucun quiz correspondant
Distribution des résultats
% des personnes avec chaque résultat
Percentile par nombre de réponses
Votre historique - résultats
Vous n’avez pas pris ce quiz